| 000 | 00546nam a22001817a 4500 | ||
|---|---|---|---|
| 003 | CEME | ||
| 005 | 20210628202206.0 | ||
| 008 | 210209b xxu||||| |||| 00| 0 eng d | ||
| 020 | _a3-540-20104-1 | ||
| 040 | _c. | ||
| 082 | _a629.2504 OPP | ||
| 100 |
_aOppenheim , A . K _958676 |
||
| 245 | _aCombustion in piston engines ,technology ,evolution, diagnoses and control | ||
| 260 |
_aNEW YORK _bSPRINGER _c2004 |
||
| 300 | _aXI,160P | ||
| 650 |
_aCOMBUSTION IN PISTON ENGINES.COMBUSTION TECHNOLOGY IN PISTON ENGINES _958677 |
||
| 942 |
_cBK _2ddc |
||
| 999 |
_c568820 _d568820 |
||